000 00317nam a22001337a 4500
008 181122b xxu||||| |||| 00| 0 eng d
020 _a9781593851972
041 _aeng
080 _a610
100 _a4
101 _aSHM
245 _aImproving Outocomes And Prevening Realapse
_cAntony.M.M
942 _2udc
_cBK
999 _c52416
_d52416